| 000 | 00427nam a2200181Ia 4500 | ||
|---|---|---|---|
| 001 | 13851 | ||
| 005 | 20260306164831.0 | ||
| 008 | 260306t2007||||xx |||||||||||||| ||spa|| | ||
| 041 | _aESP | ||
| 082 |
_a005.369A _bR48 |
||
| 100 |
_aReynoso Zarate, José Luis Germán _eAUT |
||
| 245 | 0 | _aAutoCAD 2007 | |
| 260 | _c2007 | ||
| 300 |
_a504 páginas : _c21 cm. |
||
| 650 | _aGEN | ||
| 654 | _aCII | ||
| 942 |
_cLIB _dJUS _fJUS _2ddc _n |
||
| 999 |
_c13851 _d13851 |
||